000 00570cam a2200169 4500
001 ABS60898
008 000000n1999 000 0 eng u
035 _a(Sirsi) u101423
245 _aMaterials life costs.
260 _c1999
490 _aBuilding
_v264(8096) 9 July 1999, 64-65(2)
520 _aSets out the whole-life costs for double glazed units, as well as factors which affect durability, such as types of seal and exposure to ultraviolet light.
650 _aDOUBLE GLAZING
650 _aWINDOWS
690 _aBUILDING AND COSTRUCTION-COSTS
942 _n0
999 _c60565
_d60565